| 000 -LEADER |
| fixed length control field |
00860nam a22001577a 4500 |
| 008 - FIXED-LENGTH DATA ELEMENTS--GENERAL INFORMATION |
| fixed length control field |
230306b ||||| |||| 00| 0 eng d |
| 100 ## - MAIN ENTRY--PERSONAL NAME |
| Personal name |
Mishra, Avinash and Dutta, Madhubanti |
| 245 ## - TITLE STATEMENT |
| Title |
Youth for Environment sustainability |
| 260 ## - PUBLICATION, DISTRIBUTION, ETC. (IMPRINT) |
| Place of publication, distribution, etc |
Yojana |
| 300 ## - PHYSICAL DESCRIPTION |
| Extent |
67(2), Feb, 2023: p.30-33 |
| 520 ## - SUMMARY, ETC. |
| Summary, etc |
We need to pave the way for the development of prosperous, livable cities with smaller carbon footprints. Young people have unique needs and obligations when it comes to the environment. They have hey power to make the most effective changes to the world. Engorging young people in environmental privation has on impact on their views and behaviors directly, as well as on their families and other acquaintances. – Reproduced |
| 650 ## - SUBJECT ADDED ENTRY--TOPICAL TERM |
| Topical term or geographic name as entry element |
Environment sustainability |
| 9 (RLIN) |
38214 |
| 773 ## - HOST ITEM ENTRY |
| Main entry heading |
Yojana |
| 906 ## - LOCAL DATA ELEMENT F, LDF (RLIN) |
| Subject DIP |
ENVIRONMENT |
| 942 ## - ADDED ENTRY ELEMENTS (KOHA) |
| Item type |
Articles |